Catálogo

Vista normal Vista MARC

Entrada Personal Name

Número de registros utilizados en: 1

001 - CONTROL NUMBER

  • control field: 13110

003 - CONTROL NUMBER IDENTIFIER

  • control field: DLC

005 - DATE AND TIME OF LATEST TRANSACTION

  • control field: 20220811165303.0

008 - FIXED-LENGTH DATA ELEMENTS

  • fixed length control field: 200828n| azannaabn |b aaa c

010 ## - LIBRARY OF CONGRESS CONTROL NUMBER

  • LC control number: no2020101493

035 ## - SYSTEM CONTROL NUMBER

  • System control number: (OCoLC)oca13151282

040 ## - CATALOGING SOURCE

  • Original cataloging agency: NjP
  • Language of cataloging: spa
  • Description conventions: rda
  • Transcribing agency: Mx-PuUPA
  • Modifying agency: Mx-PuUPA

100 1# - HEADING--PERSONAL NAME

  • Personal name: Sasaki, Yūko,

370 ## - ASSOCIATED PLACE

  • Associated country: Japón
  • Source of term: naf

372 ## - FIELD OF ACTIVITY

  • Field of activity: Estudios de gays y lesbianas
  • Source of term: lcsh

373 ## - ASSOCIATED GROUP

  • Associated group: Tōkyō Daigaku. Daigakuin
  • Associated group: Kokusai Kirisutokyō Daigaku
  • Source of term: naf

374 ## - OCCUPATION

  • Occupation: Autor
  • Occupation: Editor

375 ## - GENDER

  • Gender: hombre

377 ## - ASSOCIATED LANGUAGE

  • Language code: jpn

400 1# - SEE FROM TRACING--PERSONAL NAME

  • Personal name: 佐々木裕子

670 ## - SOURCE DATA FOUND

  • Source citation: Suberu mono, somuku mono, 2019:
  • Information found: title page (佐々木裕子 = Sasaki Yūko)

670 ## - SOURCE DATA FOUND

  • Source citation: Shinkyōsha WWW site, August 27, 2020
  • Information found: (佐々木裕子 = Sasaki Yūko; with Ph. D. program, Tōkyō Daigaku Daigakuin; researcher, Kokusai Kirisutokyō Daigaku; specialties: feminism, lesbian studies)